歴代大阪杯勝ち馬 - Statistics

General Stats
  • This quiz has been taken 8 times
  • The average score is 6 of 10
Answer Stats
Hint Answer % Correct
2017年 キタサンブラック
86%
2020年 ラッキーライラック
86%
2026年 クロワデュノール
71%
2021年 レイパパレ
57%
2022年 ポタジェ
57%
2023年 ジャックドール
57%
2024年 ベラジオオペラ
57%
2025年 ベラジオオペラ
57%
2018年 スワーヴリチャード
43%
2019年 アルアイン
29%
No matching quizzes found
Score Distribution
Percent of People with Each Score
Percentile by Number Answered
Your Score History
You have not taken this quiz